Football - De A à Z #1 - Statistiques

Statistiques générales
  • Ce quiz a été pris 431 fois
  • Le résultat moyen est 21 sur 26
Statistiques - réponses
Description Réponse % Correct
A En 2003-2004, ce club remporte la Premier League sans perdre le moindre match Arsenal FC
99%
D Ce français a remporté la Coupe du Monde comme joueur et entraineur Didier Deschamps
98%
Q Ce pays a organisé la Coupe du Monde 2022 Qatar
95%
R Meilleur buteur et meilleur passeur de l'histoire de la Ligue des Champions Cristiano Ronaldo
94%
V Nom du stade de l'Olympique de Marseille Stade Vélodrome
94%
U Ce pays a organisé et remporté la première Coupe du Monde Uruguay
94%
I Cette ville accueille les clubs de Başakşehir, Besiktas et Galatasaray Istanbul
93%
K Dernier vainqueur du Ballon d'Or avant l'ère Messi-Ronaldo Kaká
93%
L Il a réalisé l'exploit marquer 5 buts en 9 minutes en Bundesliga Robert Lewandowski
92%
E Meilleur buteur de l'histoire du Cameroun en sélection avec qui il a remorté 2 CAN Samuel Eto'o
92%
X Avec Iniesta, ils formaient une paire redoutable au milieu de terrain Xavi
92%
G Avec son jeu en "tiki-taka", cet entraineur est considéré comme l'un des meilleurs du XXIe siècle Pep Guardiola
90%
N Ce club a connu son âge d'or à la fin des années 80 avec notamment Diego Maradona SSC Naples
90%
O Depuis 2014, ce gardien a joué plus de 400 matches avec l'Atlético de Madrid Jan Oblak
89%
P Le prix du plus beau but de l'année décerné par la FIFA port le nom de cet attaquant hongrois Ferenc Puskás
88%
J Ce club détientq le record de finales de Ligue des Champions perdues Juventus FC
88%
T Action de reprendre avec le pied le ballon en possession de l’adversaire Tacle
87%
W Cet ancien footballeur international est devenu Président du Liberia en 2018 George Weah
86%
Y Seul gardien à avoir remporté le Ballon d'Or Lev Yachine
86%
B Seul défenseur à avoir remporté 2 Ballons d'Or (1974 et 1976) Franz Beckenbauer
77%
C En 2022, ce stade a battu le record d'affluence pour un match de football féminin (91 648 spectateurs) Camp Nou
72%
Z Ce défenseur argentin détient le record de match disputés pour l'Inter Milan Javier Zanetti
72%
M Meilleure buteuse de l'histoire de la Coupe du Monde féminine Marta
45%
H En 2019, elle remporte le premier Ballon d'Or féminin Ada Hegerberg
44%
F Premier club vainqueur de la Ligue des Champions féminine en 2002 FFC Francfort
38%
S Premier club de football non-scolaire fondé en 1857 et plus ancien club de football encore en activité Sheffield FC
29%
Aucun quiz correspondant
Distribution des résultats
% des personnes avec chaque résultat
Percentile par nombre de réponses
Votre historique - résultats
Vous n’avez pas pris ce quiz